000 01447cam a2200373 a 4500
001 12110513
003 ARRUPE
005 20140114020012.0
008 000718s2000 cau b 000 0 eng
010 _a 00059523
020 _a0804736650 (alk. paper)
020 _a0804736669 (pbk. : alk. paper)
040 _aDLC
_cDLC
_dDLC
041 1 _aeng
_hfre
050 0 0 _aB2430.L483
_bD5413 2000
082 0 0 _a194
_221
100 1 _aLévinas, Emmanuel.
_96576
240 1 0 _aDieu, la mort et le temps.
_lEnglish
245 1 0 _aGod, death, and time /
_cEmmanuel Lévinas ; translated by Bettina Bergo.
260 _aStanford, Calif. :
_bStanford University Press,
_cc2000.
300 _axii, 296 p. ;
_c23 cm.
490 1 _aMeridian
504 _aIncludes bibliographical references (p. 243-296).
650 0 _aPhilosophy.
_96577
650 0 _aDeath.
_96578
650 0 _aTime.
_96579
650 0 _aGod.
_96580
830 0 _aMeridian (Stanford, Calif.)
_96581
856 4 2 _3Publisher description
_uhttp://www.loc.gov/catdir/description/cam021/00059523.html
856 4 1 _3Table of contents
_uhttp://www.loc.gov/catdir/toc/cam028/00059523.html
906 _a7
_bcbc
_corignew
_d1
_eocip
_f20
_gy-gencatlg
942 _2lcc
_cMONOGRAPH
_01
999 _c119542
_d119542